القسم الأول من تخريج أحاديث وآثار أصول السرخسى /
Saved in:
| Main Author: | |
|---|---|
| Other Authors: | |
| Format: | Thesis |
| Language: | Arabic |
| Published: |
Makkah :
Jami'at Umm al-Qura,
1992
|
| Subjects: | |
| Tags: |
Add Tag
No Tags, Be the first to tag this record!
|
| LEADER | 018100000a22003610004500 | ||
|---|---|---|---|
| 008 | 130604s1992 su f 000 0 ara d | ||
| 040 | |a UIAM |b eng | ||
| 041 | |a ara | ||
| 050 | 0 | 0 | |a BP152 |
| 100 | 1 | |a حداد، عبد الرحمن محمد | |
| 242 | 1 | 3 | |a al-Qism al-awwal min takhrij ahadith wa athar usul al-Sarakhsi |
| 245 | 1 | 2 | |a القسم الأول من تخريج أحاديث وآثار أصول السرخسى / |c إعداد الطالب، عبد الرحمن محمد الحداد |
| 246 | 3 | |a Takhrij ahadith wa athar usul al-Sarakhsi | |
| 246 | 3 | |a تخريج أحاديث وآثار أصول السرخسي | |
| 260 | |a Makkah : |b Jami'at Umm al-Qura, |c 1992 | ||
| 300 | |a iv, 400 leaves ; |c 30 cm | ||
| 500 | |a "رسالة لنيل درجة الماجستير " --On t.p. | ||
| 502 | |a Thesis (M.A.)--Jami'at Umm al-Qura, 1992. | ||
| 504 | |a Includes references. | ||
| 596 | |a 1 | ||
| 600 | 1 | 0 | |a Sarakhsi, Muhammad ibn Ahmad, |d 11th cent. |t Usul al-Sarakhsi |
| 650 | 0 | |a Hanafiyah | |
| 650 | 0 | |a Islamic law |x Interpretation and construction | |
| 650 | 0 | |a Hadith |x Criticism, interpretation, etc | |
| 650 | 0 | |a Hadith |x Authorities | |
| 655 | |a Theses, Facsimile edition (Islamic) | ||
| 700 | 1 | |a Haddad, 'Abd al-Rahman Muhammad | |
| 710 | 2 | |a Jami'at Umm al-Qura. |b Kulliyat al-Da'wah wa-Usul al-Din | |
| 710 | 2 | |a جامعة أم القرى. |b كلية الدعوة وأصول الدين | |
| 900 | |a arf-sar | ||
| 999 | |c 435401 |d 464316 | ||
| 952 | |0 0 |6 TI BP 000152 S243U3 H126 1992 V1 |7 0 |8 THESES |9 756732 |a IIUM |b IIUM |c MULTIMEDIA |g 809.10 |o ti BP 152 S243U3 H126 1992 v1 |p 00011276216 |r 2017-10-23 |t 1 |v 809.10 |y THESIS | ||
| 952 | |0 0 |6 TI BP 000152 S243U3 H126 1992 V2 |7 0 |8 THESES |9 757754 |a IIUM |b IIUM |c MULTIMEDIA |g 809.10 |o ti BP 152 S243U3 H126 1992 v2 |p 00011276217 |r 2017-10-23 |t 1 |v 809.10 |y THESIS | ||
